000 00601nam a2200205Ia 4500
005 20250508160755.0
008 008 250505s9999 xx 000 0 eng d
020 _a0-07-009409-8
037 _aTextual
040 _aFEDL
_beng
_cFEDL
041 _aeng
_2eng
084 _a370.9, BUT
_qFEDL
100 _aButts R Freeman
245 0 _aEducation of the West : A formative chapter in the history of civilization
260 _aNew York, USA
_bMcGraw-Hill Book Company
_c1973
300 _axvi,631p
650 _aEducation
942 _cTEXL
_h370.9, BUT
999 _c1366539
_d1366539